[Event "DVM U20 2010"]
[Site "Osnabrück GER"]
[Date "2010.12.28"]
[Round "3"]
[White "Schneider, David"]
[Black "Kyas, Marcel"]
[Result "1-0"]
[Termination "normal"]
[Board "1.1"]
[WhiteElo "2269"]
[BlackElo "2129"]
[WhiteTeam "FSV Großenseebach"]
[BlackTeam "SVG Salzgitter"]
[PlyCount "63"]
[WhiteFideId "4697111"]
[BlackFideId "24642037"]
[EventCountry "GER"]
[EventRounds "7"]
[EventType "team-swiss"]
[EventDate "2010.12.26"]

1. e4 c5 2. Nf3 d6 3. d4 cxd4 4. Nxd4 Nf6 5. Nc3 a6 6. Be2 e5 7. Nb3 Be7 8. O-O
Be6 9. Bf3 Nbd7 10. a4 Rc8 11. Re1 O-O 12. Nd2 Nb8 13. Nf1 Nc6 14. g3 Nd4 15.
Bg2 Bg4 16. f3 Be6 17. Ne3 Qd7 18. f4 Bg4 19. Nxg4 Nxg4 20. h3 Nf6 21. Be3 b5
22. Bxd4 exd4 23. Qxd4 d5 24. Kh2 Rc4 25. Qd3 dxe4 26. Qxd7 Nxd7 27. axb5 axb5
28. Ra7 Rd4 29. Rxe4 Rxe4 30. Bxe4 Rd8 31. Bf5 b4 32. Nd5 1-0

[Event "DVM U20 2010"]
[Site "Osnabrück GER"]
[Date "2010.12.28"]
[Round "3"]
[White "Tennert, Simon"]
[Black "Linsenmeyer, Mario"]
[Result "1-0"]
[Termination "normal"]
[Board "1.2"]
[WhiteElo "2025"]
[BlackElo "2108"]
[WhiteTeam "SVG Salzgitter"]
[BlackTeam "FSV Großenseebach"]
[PlyCount "103"]
[WhiteFideId "1270445"]
[BlackFideId "24635138"]
[EventCountry "GER"]
[EventRounds "7"]
[EventType "team-swiss"]
[EventDate "2010.12.26"]

1. e4 c5 2. Nf3 e6 3. d4 cxd4 4. Nxd4 a6 5. c4 Qc7 6. Nc3 Nf6 7. Be3 Be7 8. Be2
d6 9. O-O Nbd7 10. f3 O-O 11. Qd2 b6 12. Rfc1 Bb7 13. a4 Rac8 14. a5 Rfd8 15.
Nb3 Nc5 16. axb6 Qxb6 17. Nxc5 dxc5 18. Qc2 Qc6 19. Qa4 Qc7 20. Qa5 Bd6 21.
Qxc7 Rxc7 22. Rd1 Be7 23. Rxd8+ Bxd8 24. Rd1 Be7 25. Na4 Nd7 26. Bf4 e5 27. Be3
Kf8 28. Nc3 Nb8 29. Nd5 Rc8 30. Ra1 Nc6 31. Nxe7 Nxe7 32. Ra5 Nc6 33. Bxc5+ Ke8
34. Ra1 Rd8 35. Rd1 Nd4 36. Bxd4 Rxd4 37. Rxd4 exd4 38. b4 Kd7 39. Bd3 Kd6 40.
f4 f6 41. Kf2 h6 42. g3 g5 43. Ke2 gxf4 44. gxf4 a5 45. bxa5 Kc5 46. e5 fxe5
47. fxe5 Bc6 48. Kd2 Bf3 49. a6 Bc6 50. a7 Kb6 51. e6 Kc5 52. e7 1-0

[Event "DVM U20 2010"]
[Site "Osnabrück GER"]
[Date "2010.12.28"]
[Round "3"]
[White "Quaschner, Tobias"]
[Black "Bradler, Stephan"]
[Result "1-0"]
[Termination "normal"]
[Board "1.3"]
[WhiteElo "1989"]
[BlackElo "2051"]
[WhiteTeam "FSV Großenseebach"]
[BlackTeam "SVG Salzgitter"]
[PlyCount "63"]
[WhiteFideId "24646989"]
[BlackFideId "24629367"]
[EventCountry "GER"]
[EventRounds "7"]
[EventType "team-swiss"]
[EventDate "2010.12.26"]

1. e4 c5 2. d3 Nc6 3. g3 g6 4. Bg2 Bg7 5. f4 d6 6. Nf3 e6 7. O-O Nge7 8. c3 O-O
9. Be3 b6 10. Na3 Bb7 11. Nc2 Rc8 12. Rc1 Qc7 13. d4 Na5 14. Nd2 Qb8 15. Qe2
Qa8 16. g4 f5 17. b4 cxb4 18. cxb4 Nac6 19. e5 dxe5 20. dxe5 fxg4 21. Nc4 Nf5
22. Nd6 Nxd6 23. exd6 Rcd8 24. Rcd1 e5 25. Qxg4 Kh8 26. f5 gxf5 27. Rxf5 Rxf5
28. Qxf5 Nd4 29. Bxb7 Qxb7 30. Nxd4 Rxd6 31. Rc1 Rg6+ 32. Bg5 1-0

[Event "DVM U20 2010"]
[Site "Osnabrück GER"]
[Date "2010.12.28"]
[Round "3"]
[White "Kyas, Philipp"]
[Black "Kirch, Florian"]
[Result "1-0"]
[Termination "normal"]
[Board "1.4"]
[WhiteElo "2035"]
[BlackElo "2031"]
[WhiteTeam "SVG Salzgitter"]
[BlackTeam "FSV Großenseebach"]
[PlyCount "101"]
[WhiteFideId "24670936"]
[BlackFideId "24605794"]
[EventCountry "GER"]
[EventRounds "7"]
[EventType "team-swiss"]
[EventDate "2010.12.26"]

1. d4 Nf6 2. c4 e6 3. Nf3 Bb4+ 4. Bd2 Qe7 5. a3 Bxd2+ 6. Nbxd2 d6 7. e3 e5 8.
dxe5 dxe5 9. Qc2 O-O 10. Bd3 Bg4 11. Ng5 h6 12. Nge4 Nbd7 13. h3 Be6 14. O-O
Nxe4 15. Bxe4 Nc5 16. b4 Nxe4 17. Qxe4 Bc8 18. Nf3 Re8 19. Rfd1 c6 20. c5 f5
21. Qc4+ Be6 22. Qc2 e4 23. Nd4 Rad8 24. Rd2 Qf6 25. Rad1 Bd5 26. Ne2 a6 27.
Nf4 Re5 28. Qc3 Kf7 29. a4 g5 30. Nxd5 Rexd5 31. Qb3 Qe6 32. Qb2 Rxd2 33. Rxd2
Rxd2 34. Qxd2 Ke7 35. Qd4 Qf6 36. Qc4 Qa1+ 37. Kh2 Qxa4 38. Qd4 Qb5 39. Qd6+
Ke8 40. Qe6+ Kd8 41. Qxh6 Qxb4 42. Qxg5+ Ke8 43. Qxf5 a5 44. h4 a4 45. h5 a3
46. h6 Qb2 47. h7 Ke7 48. Qg5+ Kd7 49. Qh5 a2 50. h8=Q a1=Q 51. Qf7# 1-0

[Event "DVM U20 2010"]
[Site "Osnabrück GER"]
[Date "2010.12.28"]
[Round "3"]
[White "Quaschner, Manuel"]
[Black "Langenfeld, Olaf"]
[Result "0-1"]
[Termination "normal"]
[Board "1.5"]
[WhiteElo "1867"]
[BlackElo "2022"]
[WhiteTeam "FSV Großenseebach"]
[BlackTeam "SVG Salzgitter"]
[PlyCount "105"]
[WhiteFideId "24690139"]
[BlackFideId "24645826"]
[EventCountry "GER"]
[EventRounds "7"]
[EventType "team-swiss"]
[EventDate "2010.12.26"]

1. e4 c5 2. Nf3 e6 3. d4 cxd4 4. Nxd4 Nc6 5. Nxc6 bxc6 6. Bd3 Nf6 7. Qe2 d5 8.
Nd2 Qc7 9. O-O Nd7 10. c4 d4 11. f4 e5 12. Kh1 Bd6 13. Nf3 f6 14. Nh4 Nc5 15.
f5 Nxd3 16. Qxd3 a5 17. Bd2 Bb7 18. Rab1 Bb4 19. Nf3 Bxd2 20. Nxd2 c5 21. a3 a4
22. b4 axb3 23. Rxb3 O-O 24. Rb5 Ba6 25. Rb3 Bb7 26. Rb5 Ba6 27. Rb3 Ra7 28.
Rfb1 Rfa8 29. Kg1 Bc8 30. Ra1 Bd7 31. Qb1 Be8 32. Qb2 Ba4 33. Rb6 Bc6 34. Rb3
Qc8 35. g4 Be8 36. Kf2 Bf7 37. Ke2 Ra4 38. Kd3 h6 39. h3 Qa6 40. Qc2 Qc8 41.
Qb2 Qa6 42. Qc2 Qc6 43. Qb2 Kh7 44. Qb1 Bxc4+ 45. Nxc4 Rxc4 46. Kxc4 Qa4+ 47.
Kd3 c4+ 48. Kd2 cxb3 49. Qb2 d3 50. Kxd3 Rd8+ 51. Ke3 Qc4 52. Re1 Rd3+ 53. Kf2
0-1

[Event "DVM U20 2010"]
[Site "Osnabrück GER"]
[Date "2010.12.28"]
[Round "3"]
[White "Wolff, Fabian"]
[Black "Nemeth-Csoka, Mihaly"]
[Result "1-0"]
[Termination "normal"]
[Board "1.6"]
[WhiteElo "1951"]
[BlackElo "1746"]
[WhiteTeam "SVG Salzgitter"]
[BlackTeam "FSV Großenseebach"]
[PlyCount "73"]
[WhiteFideId "24646032"]
[BlackFideId "24659436"]
[EventCountry "GER"]
[EventRounds "7"]
[EventType "team-swiss"]
[EventDate "2010.12.26"]

1. d4 Nf6 2. Nd2 d6 3. e4 e5 4. c3 Nc6 5. Ngf3 Bg4 6. Bb5 Nd7 7. Bxc6 bxc6 8.
Qa4 Nb6 9. Qc2 exd4 10. cxd4 Qd7 11. b3 Be7 12. Bb2 O-O 13. O-O Qe8 14. Rac1
Bd7 15. Rfd1 f6 16. Nc4 Qh5 17. Qc3 Nxc4 18. Qxc4+ Kh8 19. d5 c5 20. Nd2 Qh4
21. g3 Qg5 22. f4 Qh5 23. Rf1 Rab8 24. Rf2 Bb5 25. Qc3 Rf7 26. Nc4 Rbf8 27.
Rcf1 Kg8 28. a4 Bd7 29. Ne3 Bh3 30. Re1 g6 31. Ng2 Qh6 32. f5 g5 33. Qf3 g4 34.
Qf4 Qg7 35. Ne3 Rb8 36. Nc4 Qf8 37. Qe3 1-0

[Event "DVM U20 2010"]
[Site "Osnabrück GER"]
[Date "2010.12.28"]
[Round "3"]
[White "Tkachuk, Konstantyn"]
[Black "Mons, Leon"]
[Result "1/2-1/2"]
[Termination "normal"]
[Board "2.1"]
[WhiteElo "2174"]
[BlackElo "2178"]
[WhiteTeam "SG Bochum 1931"]
[BlackTeam "SC Forchheim"]
[PlyCount "84"]
[WhiteFideId "24647330"]
[BlackFideId "4614950"]
[EventCountry "GER"]
[EventRounds "7"]
[EventType "team-swiss"]
[EventDate "2010.12.26"]

1. e4 g6 2. d4 Bg7 3. f4 d6 4. Nf3 c5 5. d5 Nf6 6. Nbd2 O-O 7. c4 e6 8. Be2
exd5 9. exd5 b5 10. O-O bxc4 11. Nxc4 Bb7 12. Ne3 Nbd7 13. Ne1 Re8 14. N1c2 Rb8
15. Bc4 Nb6 16. b3 Ne4 17. Ba3 Nxc4 18. Nxc4 Nc3 19. Qd3 Bxd5 20. Rae1 Be4 21.
Qd2 Nb5 22. Bb2 Bxb2 23. Nxb2 Qf6 24. Ne3 Nd4 25. Nbc4 d5 26. Ne5 Qe6 27. Rc1
Qd6 28. N3g4 f6 29. Nd7 f5 30. Ndf6+ Kg7 31. Nxe8+ Rxe8 32. Ne5 g5 33. Rf2 gxf4
34. Nd3 Bxd3 35. Qxd3 Re3 36. Qd2 Ne6 37. Qa5 Qb6 38. Qa4 Qc7 39. Rd2 d4 40.
Rxd4 Nxd4 41. Qxd4+ cxd4 42. Rxc7+ Kf6 1/2-1/2

[Event "DVM U20 2010"]
[Site "Osnabrück GER"]
[Date "2010.12.28"]
[Round "3"]
[White "Seyb, Alexander"]
[Black "Mazarov, Jürgen"]
[Result "1/2-1/2"]
[Termination "normal"]
[Board "2.2"]
[WhiteTitle "FM"]
[WhiteElo "2294"]
[BlackElo "2141"]
[WhiteTeam "SC Forchheim"]
[BlackTeam "SG Bochum 1931"]
[PlyCount "44"]
[WhiteFideId "4699033"]
[BlackFideId "24617768"]
[EventCountry "GER"]
[EventRounds "7"]
[EventType "team-swiss"]
[EventDate "2010.12.26"]

1. e4 e5 2. Nf3 Nf6 3. Nxe5 d6 4. Nf3 Nxe4 5. Nc3 Nf6 6. d4 Be7 7. Bd3 O-O 8.
Ne2 Re8 9. O-O b6 10. Ng3 Bf8 11. Bf4 Nc6 12. c3 d5 13. Qc2 Bd6 14. Bxd6 Qxd6
15. Rae1 Bg4 16. Nh4 Rxe1 17. Rxe1 Re8 18. Rxe8+ Nxe8 19. h3 Bd7 20. Qd2 Ne7
21. Qe3 Qe6 22. Qxe6 Bxe6 1/2-1/2

[Event "DVM U20 2010"]
[Site "Osnabrück GER"]
[Date "2010.12.28"]
[Round "3"]
[White "Kelbling, Philipp"]
[Black "Miller, Eduard"]
[Result "0-1"]
[Termination "normal"]
[Board "2.3"]
[WhiteElo "2132"]
[BlackElo "2110"]
[WhiteTeam "SG Bochum 1931"]
[BlackTeam "SC Forchheim"]
[PlyCount "104"]
[WhiteFideId "24669750"]
[BlackFideId "24687022"]
[EventCountry "GER"]
[EventRounds "7"]
[EventType "team-swiss"]
[EventDate "2010.12.26"]

1. e4 d6 2. d4 Nf6 3. Nc3 g6 4. f4 Bg7 5. Nf3 O-O 6. Bd3 Na6 7. O-O c5 8. dxc5
Nxc5 9. Qe2 b6 10. Bd2 e5 11. Rad1 exf4 12. Bxf4 Ne6 13. Bc1 Ng4 14. Nd5 Nd4
15. Qe1 Nxf3+ 16. gxf3 Ne5 17. Qg3 Nxd3 18. cxd3 Be6 19. Nc3 d5 20. a3 d4 21.
Ne2 Bb3 22. Rde1 Rc8 23. f4 f5 24. e5 Rf7 25. h4 Bf8 26. Kh2 Be7 27. Kh3 Rg7
28. Qf2 Bc5 29. Bd2 Bd5 30. b4 Bf8 31. Nxd4 Rd7 32. Ne2 Bc4 33. d4 Bxe2 34.
Qxe2 Rxd4 35. Be3 Rc3 36. Qf2 Rdd3 37. Kg2 Rxa3 38. h5 Bxb4 39. hxg6 Bxe1 40.
gxh7+ Kxh7 41. Rxe1 Qg8+ 42. Kh1 Qg4 43. Qh2+ Kg7 44. Rg1 Rxe3 45. Rxg4+ fxg4
46. Qb2 Rh3+ 47. Kg1 Rag3+ 48. Kf1 Rh1+ 49. Kf2 Rh2+ 50. Kxg3 Rxb2 51. Kxg4 a5
52. Kf5 Kf7 0-1

[Event "DVM U20 2010"]
[Site "Osnabrück GER"]
[Date "2010.12.28"]
[Round "3"]
[White "Stephan, Michael"]
[Black "Pilat, Fabian"]
[Result "1-0"]
[Termination "normal"]
[Board "2.4"]
[WhiteElo "1862"]
[BlackElo "1959"]
[WhiteTeam "SC Forchheim"]
[BlackTeam "SG Bochum 1931"]
[PlyCount "83"]
[WhiteFideId "24656852"]
[BlackFideId "24683396"]
[EventCountry "GER"]
[EventRounds "7"]
[EventType "team-swiss"]
[EventDate "2010.12.26"]

1. e4 e6 2. d4 d5 3. exd5 exd5 4. Bd3 Nf6 5. Nf3 Bg4 6. O-O Be7 7. Re1 O-O 8.
Nbd2 Nbd7 9. Nf1 Bd6 10. Ne3 c6 11. Nxg4 Nxg4 12. Bxh7+ Kh8 13. Bf5 Ngf6 14.
Ne5 Kg8 15. Qd3 Re8 16. f4 Nf8 17. Re3 Qb6 18. Bd2 Re7 19. Rf1 Rae8 20. g4 Qc7
21. g5 N6d7 22. Rh3 Bxe5 23. Bh7+ Kh8 24. Bf5+ Kg8 25. fxe5 g6 26. Qg3 Nh7 27.
Bxd7 Qxd7 28. Qh4 f5 29. gxf6 Rf7 30. Rg3 Nf8 31. Qg5 Re6 32. Rff3 Qd8 33. h4
Qb6 34. Bc3 c5 35. Rg4 cxd4 36. Bxd4 Qc6 37. Rc3 Qa6 38. h5 Qe2 39. hxg6 Qe1+
40. Kh2 Rd7 41. f7+ Kg7 42. Qf6+ 1-0

[Event "DVM U20 2010"]
[Site "Osnabrück GER"]
[Date "2010.12.28"]
[Round "3"]
[White "Butschek, Marc"]
[Black "Neth, Tobias"]
[Result "0-1"]
[Termination "normal"]
[Board "2.5"]
[WhiteElo "1863"]
[BlackElo "1941"]
[WhiteTeam "SG Bochum 1931"]
[BlackTeam "SC Forchheim"]
[PlyCount "72"]
[WhiteFideId "4630904"]
[BlackFideId "24643432"]
[EventCountry "GER"]
[EventRounds "7"]
[EventType "team-swiss"]
[EventDate "2010.12.26"]

1. e4 e5 2. Nf3 Nc6 3. Bb5 Bc5 4. O-O d6 5. h3 Nge7 6. c3 O-O 7. d4 Bb6 8. Bg5
f6 9. Be3 Kh8 10. Na3 exd4 11. cxd4 d5 12. e5 fxe5 13. dxe5 d4 14. Bg5 Qe8 15.
Bd3 Qh5 16. Be2 Qg6 17. Qd2 Nf5 18. Bd3 Qe8 19. Nc4 h6 20. Bxf5 Bxf5 21. Bxh6
gxh6 22. Qxh6+ Bh7 23. e6 Qg6 24. Qxg6 Bxg6 25. Nfe5 Nxe5 26. Nxe5 Rf6 27. e7
Re8 28. Nd7 Rf7 29. f4 d3+ 30. Kh1 Bd4 31. Nf8 Bf5 32. g4 Be4+ 33. Kh2 Rexe7
34. Ng6+ Bxg6 35. f5 Bh7 36. Rad1 Re3 0-1

[Event "DVM U20 2010"]
[Site "Osnabrück GER"]
[Date "2010.12.28"]
[Round "3"]
[White "Ohme, Melanie"]
[Black "Rafayevych, Vilen"]
[Result "1-0"]
[Termination "normal"]
[Board "3.1"]
[WhiteTitle "WIM"]
[WhiteElo "2311"]
[BlackElo "2059"]
[WhiteTeam "SC Leipzig-Gohlis"]
[BlackTeam "SG Aufbau Elbe Magdeburg"]
[PlyCount "191"]
[WhiteFideId "4690745"]
[BlackFideId "24673897"]
[EventCountry "GER"]
[EventRounds "7"]
[EventType "team-swiss"]
[EventDate "2010.12.26"]

1. e4 c5 2. Nf3 e6 3. b3 Nc6 4. Bb2 d6 5. d4 cxd4 6. Nxd4 e5 7. Nf3 Nf6 8. Nc3
Be7 9. h3 O-O 10. Bc4 Be6 11. Qe2 Rc8 12. O-O Nb4 13. Bxe6 fxe6 14. Rad1 Nc6
15. Na4 Qe8 16. c4 Qg6 17. Nc3 Nh5 18. Nh2 Rf4 19. Rd3 Nd4 20. Qd1 Rh4 21. Bc1
Rf8 22. Nf3 Nxf3+ 23. Rxf3 Rxf3 24. Qxf3 Bg5 25. Bxg5 Qxg5 26. Rd1 Nf4 27. Kh2
Qe7 28. Nb5 Ng6 29. g3 Rh6 30. Nxd6 Nf8 31. Kg2 Rf6 32. Qe3 a6 33. Qb6 Nd7 34.
Qxb7 Rf8 35. Qa7 Qf6 36. Qe3 Nb8 37. b4 Nc6 38. b5 Nd4 39. b6 Nc2 40. Qe2 Nd4
41. Qe3 Nc2 42. Qd2 Qf3+ 43. Kh2 Nd4 44. Rf1 Qa3 45. Kg2 Qxd6 46. Qa5 Ne2 47.
b7 Qd4 48. f3 Qd6 49. c5 Qc6 50. Rb1 Rb8 51. Qb6 Nd4 52. Qxc6 Nxc6 53. Rb6 Nd4
54. Kf2 Kf7 55. c6 Nxc6 56. Rxc6 Rxb7 57. Rxa6 Rd7 58. Ke2 Kf6 59. a3 Rb7 60.
Rd6 Rb3 61. Rd3 Rb2+ 62. Rd2 Rb1 63. Ra2 Rh1 64. Ke3 Re1+ 65. Kf2 Rh1 66. Kg2
Rc1 67. a4 Rc6 68. a5 Ra6 69. Kf2 Ke7 70. f4 exf4 71. gxf4 e5 72. Ke3 exf4+ 73.
Kxf4 Ke6 74. e5 h6 75. Ke4 g5 76. Rf2 Rxa5 77. Rf6+ Ke7 78. Rxh6 Ra3 79. Kf5
Rg3 80. Rh7+ Ke8 81. Kf6 Rf3+ 82. Kxg5 Kf8 83. h4 Rg3+ 84. Kf6 Rf3+ 85. Ke6 Ra3
86. h5 Ra6+ 87. Kf5 Kg8 88. Re7 Rh6 89. Kg5 Ra6 90. h6 Rb6 91. e6 Rb1 92. Rg7+
Kh8 93. Rf7 Re1 94. e7 Rg1+ 95. Kf6 Rf1+ 96. Ke6 1-0

[Event "DVM U20 2010"]
[Site "Osnabrück GER"]
[Date "2010.12.28"]
[Round "3"]
[White "Schulz, Marcel"]
[Black "Meißner, Felix"]
[Result "0-1"]
[Termination "normal"]
[Board "3.2"]
[WhiteElo "1835"]
[BlackElo "2198"]
[WhiteTeam "SG Aufbau Elbe Magdeburg"]
[BlackTeam "SC Leipzig-Gohlis"]
[PlyCount "128"]
[WhiteFideId "1270585"]
[BlackFideId "24671827"]
[EventCountry "GER"]
[EventRounds "7"]
[EventType "team-swiss"]
[EventDate "2010.12.26"]

1. e4 c5 2. Nf3 d6 3. d4 cxd4 4. Nxd4 Nf6 5. Nc3 a6 6. Bg5 Nbd7 7. f4 Qc7 8.
Qf3 h6 9. Bh4 g5 10. fxg5 hxg5 11. Bg3 Ne5 12. Bxe5 dxe5 13. Nf5 e6 14. Nd6+
Bxd6 15. Qxf6 Rg8 16. O-O-O Qe7 17. Qxe7+ Kxe7 18. Be2 Bd7 19. Rhf1 Bc6 20. Bh5
f6 21. h3 Bc5 22. Bf3 b5 23. Ne2 Rac8 24. Rd3 b4 25. c4 a5 26. Ng3 a4 27. Nh5
Rg6 28. Rfd1 Be8 29. Kb1 Bd4 30. Rc1 Rh6 31. Ng3 Bc6 32. Ne2 Bc5 33. Rcd1 Rh4
34. Ng3 Rhh8 35. Ne2 Rc7 36. Ng3 Bf2 37. Nh1 Bd4 38. Ng3 Rhc8 39. Ne2 Bc5 40.
Ng3 Ba7 41. R1d2 Bb5 42. b3 Bc6 43. Ne2 Bc5 44. Nc1 Bd4 45. Ne2 Bc5 46. Nc1 a3
47. Ne2 Rh8 48. Ng3 Rd7 49. Rxd7+ Bxd7 50. Bg4 Bc6 51. Kc2 Be3 52. Re2 Bd4 53.
Bf3 Rf8 54. Bg4 Be8 55. Rd2 Bg6 56. Kd3 Bc3 57. Rd1 f5 58. Bf3 Bd4 59. Rd2 Bg1
60. Ke2 Bh2 61. Nf1 Bf4 62. Rc2 g4 63. hxg4 fxe4 64. Bxe4 Bxe4 0-1

[Event "DVM U20 2010"]
[Site "Osnabrück GER"]
[Date "2010.12.28"]
[Round "3"]
[White "Doberitz, Paul"]
[Black "Schiffner, Kevin"]
[Result "1-0"]
[Termination "normal"]
[Board "3.3"]
[WhiteElo "2221"]
[BlackElo "1948"]
[WhiteTeam "SC Leipzig-Gohlis"]
[BlackTeam "SG Aufbau Elbe Magdeburg"]
[PlyCount "71"]
[WhiteFideId "24646130"]
[BlackFideId "24674940"]
[EventCountry "GER"]
[EventRounds "7"]
[EventType "team-swiss"]
[EventDate "2010.12.26"]

1. e4 d6 2. d4 g6 3. Nc3 Bg7 4. Be3 Nf6 5. f3 O-O 6. Qd2 c6 7. g4 b5 8. Nge2 a5
9. Ng3 a4 10. a3 Qa5 11. h4 b4 12. Nd1 c5 13. h5 bxa3 14. Qxa5 Rxa5 15. hxg6
hxg6 16. Rxa3 cxd4 17. Bxd4 Bd7 18. b4 axb3 19. Rxa5 bxc2 20. Ra1 cxd1=Q+ 21.
Kxd1 Nc6 22. Bc3 Rb8 23. Kc2 Be6 24. Ne2 Rc8 25. Kd2 Nd7 26. Bxg7 Kxg7 27. Nf4
Nc5 28. Ke3 Rb8 29. Nxe6+ Nxe6 30. Bc4 Nc5 31. f4 Rb4 32. Bd5 Nd8 33. Ra8 Nde6
34. Rhh8 g5 35. Rag8+ Kf6 36. Rh6# 1-0

[Event "DVM U20 2010"]
[Site "Osnabrück GER"]
[Date "2010.12.28"]
[Round "3"]
[White "Brüggemann, Florian"]
[Black "Hentze, Markus"]
[Result "1/2-1/2"]
[Termination "normal"]
[Board "3.4"]
[WhiteElo "2026"]
[BlackElo "2048"]
[WhiteTeam "SG Aufbau Elbe Magdeburg"]
[BlackTeam "SC Leipzig-Gohlis"]
[PlyCount "69"]
[WhiteFideId "24645567"]
[BlackFideId "4670922"]
[EventCountry "GER"]
[EventRounds "7"]
[EventType "team-swiss"]
[EventDate "2010.12.26"]

1. e4 e5 2. Nf3 Nc6 3. d4 exd4 4. c3 d5 5. exd5 Qxd5 6. cxd4 Bg4 7. Be2 Bb4+ 8.
Nc3 Bxf3 9. Bxf3 Qc4 10. Bxc6+ Qxc6 11. O-O Ne7 12. Qb3 Bd6 13. Qb5 a6 14.
Qxc6+ Nxc6 15. Be3 O-O 16. Ne4 Rfd8 17. Rfd1 Nb4 18. Nxd6 Rxd6 19. Bf4 Rd7 20.
Rac1 Nd5 21. Bd2 f6 22. Kf1 Kf7 23. Bc3 Nxc3 24. bxc3 Rad8 25. Rb1 c5 26. Rb6
cxd4 27. cxd4 Rc8 28. Rdb1 Rxd4 29. Rxb7+ Kg6 30. R7b2 a5 31. Ke2 Re8+ 32. Kf1
Rc8 33. Ke2 Re8+ 34. Kf1 Rc8 35. Ke2 1/2-1/2

[Event "DVM U20 2010"]
[Site "Osnabrück GER"]
[Date "2010.12.28"]
[Round "3"]
[White "Kreyssig, Robert"]
[Black "Rickmann, David"]
[Result "1-0"]
[Termination "normal"]
[Board "3.5"]
[WhiteElo "1869"]
[BlackElo "1876"]
[WhiteTeam "SC Leipzig-Gohlis"]
[BlackTeam "SG Aufbau Elbe Magdeburg"]
[PlyCount "59"]
[WhiteFideId "4662881"]
[BlackFideId "24657360"]
[EventCountry "GER"]
[EventRounds "7"]
[EventType "team-swiss"]
[EventDate "2010.12.26"]

1. d4 f5 2. g3 Nf6 3. Bg2 g6 4. c3 d6 5. Qb3 Nc6 6. Nh3 e6 7. Nd2 Bg7 8. e4 Qe7
9. O-O fxe4 10. Nxe4 Nxe4 11. Bxe4 O-O 12. Bg5 Qf7 13. Bg2 Kh8 14. f4 Ne7 15.
Bxe7 Qxe7 16. Ng5 e5 17. Rae1 Rb8 18. Qa3 Qe8 19. dxe5 dxe5 20. fxe5 Rxf1+ 21.
Rxf1 a6 22. Qc5 h6 23. Qxc7 hxg5 24. Qxb8 Bxe5 25. Qa7 Kh7 26. Qe3 Qb5 27. Kh1
Kh6 28. Re1 Bd6 29. Qd4 Qd7 30. Rd1 1-0

[Event "DVM U20 2010"]
[Site "Osnabrück GER"]
[Date "2010.12.28"]
[Round "3"]
[White "Savchenko, Aleksij"]
[Black "Neukötter, Max"]
[Result "1-0"]
[Termination "normal"]
[Board "4.1"]
[WhiteElo "2267"]
[BlackElo "1989"]
[WhiteTeam "SG Porz"]
[BlackTeam "Schachfreunde Paderborn 2000"]
[PlyCount "65"]
[WhiteFideId "24611727"]
[BlackFideId "24648108"]
[EventCountry "GER"]
[EventRounds "7"]
[EventType "team-swiss"]
[EventDate "2010.12.26"]

1. d4 g6 2. c4 Bg7 3. Nf3 d6 4. Nc3 Nd7 5. e4 e5 6. d5 Ne7 7. Bd3 O-O 8. b4 c5
9. dxc6 bxc6 10. Rb1 d5 11. cxd5 cxd5 12. exd5 Nb6 13. Bg5 f6 14. Be3 Nexd5 15.
Qb3 Kh8 16. Nxd5 Qxd5 17. Qxd5 Nxd5 18. Bc5 Rd8 19. Bc4 e4 20. Nd4 f5 21. Nc6
Bc3+ 22. Kd1 Ne3+ 23. Ke2 Nxc4 24. Nxd8 Ba6 25. Nf7+ Kg8 26. b5 Rc8 27. bxa6
Rxc5 28. Rhc1 Na3 29. Rb7 Nb5 30. Nh6+ Kh8 31. a4 Nd4+ 32. Kf1 Nc6 33. Rb3 1-0

[Event "DVM U20 2010"]
[Site "Osnabrück GER"]
[Date "2010.12.28"]
[Round "3"]
[White "Nonhoff, Marko"]
[Black "Czybik, Nils Patrick"]
[Result "1/2-1/2"]
[Termination "normal"]
[Board "4.2"]
[WhiteElo "1937"]
[BlackElo "2103"]
[WhiteTeam "Schachfreunde Paderborn 2000"]
[BlackTeam "SG Porz"]
[PlyCount "32"]
[WhiteFideId "4648269"]
[BlackFideId "24632040"]
[EventCountry "GER"]
[EventRounds "7"]
[EventType "team-swiss"]
[EventDate "2010.12.26"]

1. e4 c5 2. c3 b6 3. d4 Bb7 4. Bd3 Nf6 5. Nd2 cxd4 6. cxd4 Nc6 7. Ngf3 Nb4 8.
Bb1 Ba6 9. Ne5 e6 10. a3 Nc6 11. Nxc6 dxc6 12. Nf3 Be7 13. Be3 Ng4 14. Bf4 O-O
15. Qc2 e5 16. dxe5 Bc5 1/2-1/2

[Event "DVM U20 2010"]
[Site "Osnabrück GER"]
[Date "2010.12.28"]
[Round "3"]
[White "Paulus, Jeffrey"]
[Black "Hötte, Philipp"]
[Result "0-1"]
[Termination "normal"]
[Board "4.3"]
[WhiteElo "1958"]
[BlackElo "1901"]
[WhiteTeam "SG Porz"]
[BlackTeam "Schachfreunde Paderborn 2000"]
[PlyCount "44"]
[WhiteFideId "24692468"]
[BlackFideId "24696390"]
[EventCountry "GER"]
[EventRounds "7"]
[EventType "team-swiss"]
[EventDate "2010.12.26"]

1. d4 Nf6 2. Bg5 Ne4 3. Bf4 d5 4. Nd2 Bf5 5. Nxe4 Bxe4 6. e3 e6 7. Bd3 Bxg2 8.
Qg4 Bxh1 9. f3 Nd7 10. O-O-O Nf6 11. Qh3 c6 12. Ne2 Qa5 13. Kb1 Qb6 14. Rxh1
Ba3 15. b3 a5 16. Be5 a4 17. Nf4 axb3 18. cxb3 Qa5 19. Bg6 fxg6 20. Nxe6 Qd2
21. Nxg7+ Kf8 22. Ne6+ Kg8 0-1

[Event "DVM U20 2010"]
[Site "Osnabrück GER"]
[Date "2010.12.28"]
[Round "3"]
[White "Georgi, Philip"]
[Black "Kremser, Michael"]
[Result "1/2-1/2"]
[Termination "normal"]
[Board "4.4"]
[WhiteElo "1758"]
[BlackElo "1947"]
[WhiteTeam "Schachfreunde Paderborn 2000"]
[BlackTeam "SG Porz"]
[PlyCount "99"]
[WhiteFideId "4647750"]
[BlackFideId "1270131"]
[EventCountry "GER"]
[EventRounds "7"]
[EventType "team-swiss"]
[EventDate "2010.12.26"]

1. d4 d5 2. c4 e6 3. Nc3 Nf6 4. Nf3 Be7 5. Bf4 O-O 6. h3 b6 7. e3 Bb7 8. Be2
Nbd7 9. O-O c5 10. dxc5 Nxc5 11. cxd5 Nxd5 12. Nxd5 Qxd5 13. Qxd5 Bxd5 14. b3
Rfd8 15. Rfd1 Bf6 16. Rac1 Rac8 17. Ne5 Ne4 18. Ba6 Rc5 19. Rxc5 Nxc5 20. Bc4
g5 21. Bg3 Ne4 22. Bxd5 Nxg3 23. Ng4 Bg7 24. Bf3 Rxd1+ 25. Bxd1 Ne4 26. Bc2 Nc3
27. a4 f5 28. Nh2 h5 29. Nf3 Bf6 30. Kf1 Kf7 31. Nd4 Bxd4 32. exd4 Kf6 33. Ke1
h4 34. Kd2 Nd5 35. g3 e5 36. dxe5+ Kxe5 37. Bd3 g4 38. Bf1 hxg3 39. fxg3 Nf6
40. Ke3 Ne4 41. hxg4 Nxg3 42. Bh3 f4+ 43. Kd3 Ne4 44. Bg2 Ng5 45. Bb7 Nf7 46.
Ba8 a5 47. Kc3 Nd6 48. Kd3 Ne8 49. Kc4 Nd6+ 50. Kd3 1/2-1/2

[Event "DVM U20 2010"]
[Site "Osnabrück GER"]
[Date "2010.12.28"]
[Round "3"]
[White "Sistig, Max"]
[Black "Neukötter, Moritz"]
[Result "1-0"]
[Termination "normal"]
[Board "4.5"]
[WhiteElo "1932"]
[BlackElo "1675"]
[WhiteTeam "SG Porz"]
[BlackTeam "Schachfreunde Paderborn 2000"]
[PlyCount "99"]
[WhiteFideId "1270582"]
[BlackFideId "24603279"]
[EventCountry "GER"]
[EventRounds "7"]
[EventType "team-swiss"]
[EventDate "2010.12.26"]

1. d4 f5 2. g3 Nf6 3. Bg2 g6 4. Nf3 Bg7 5. O-O d6 6. c4 O-O 7. Nc3 Nc6 8. d5
Ne5 9. Nxe5 dxe5 10. e4 e6 11. Be3 exd5 12. cxd5 fxe4 13. Qb3 Kh8 14. h3 b6 15.
Rad1 Bb7 16. Rd2 Qe7 17. Nxe4 c5 18. Ng5 Bh6 19. d6 Qd7 20. Bxb7 Qxb7 21. Ne6
Bxe3 22. Qxe3 Rf7 23. Qxe5 Qd5 24. Re1 Qxe5 25. Rxe5 Re8 26. Ng5 Rd7 27. Rde2
Rxe5 28. Rxe5 h6 29. Ne4 Nxe4 30. Rxe4 Rxd6 31. Re8+ Kg7 32. Re7+ Kf6 33. Rxa7
Ke5 34. Kf1 Kd4 35. Ke2 c4 36. Rf7 b5 37. h4 b4 38. Kd2 c3+ 39. bxc3+ bxc3+ 40.
Kc2 Ra6 41. Rf4+ Kd5 42. a4 Rc6 43. a5 Ra6 44. Ra4 Rf6 45. f4 g5 46. a6 Rf8 47.
a7 Ra8 48. hxg5 hxg5 49. fxg5 Ke6 50. Ra6+ 1-0